Desarrollo de un proyecto de intervención bajo el modelo de la psicología comunitaria para una colonia suburbana /

Guardado en:
Bibliografiske detaljer
Hovedforfatter: López Osuna, Francisco Javier (autor)
Format: Tesis Bog
Sprog:spansk
Udgivet: Guadalajara, México : edición de autor, 1995
Fag:
Tags: Tilføj Tag
Ingen Tags, Vær først til at tagge denne postø!

MARC

LEADER 00000nam^a2200000^a^4500
001 000047742
005 20250521000000.0
009 20260526115204.781
037 |a Acervo ITESO - Biblioteca 
041 |a ESP 
090 |a PSI. 354 
100 |a López Osuna, Francisco Javier  |e (autor) 
245 1 0 |a Desarrollo de un proyecto de intervención bajo el modelo de la psicología comunitaria para una colonia suburbana /  |c F.J. López Osuna. 
264 1 |a Guadalajara, México :  |b edición de autor,  |c 1995 
300 |a 155 p. 
336 |a texto  |b txt  |2 rdacontenido 
337 |a sin mediación  |b n  |2 rdamedio 
338 |a volumen  |b nc  |2 rdasoporte 
502 |a ITESO Tesis de Licenciatura en Psicología 
649 |a XX 
650 |a Psicología Comunitaria 
650 |a Desarrollo Comunitario 
650 |a Psicología Social 
910 |a Fondo General 
920 |a Impresos - Tesis del ITESO 
930 |a Colección General 
905 |a 104 
901 |a 0500003033  |b IT2  |c TSS  |u 20250521 
902 |a https://opac.biblio.iteso.mx/vufind/Record/000047742